000 00673nam a22002177a 4500
003 OSt
008 260629b |||||||| |||| 00| 0 eng d
020 _a9781668456705
082 _a338.1
_bI43R
100 _aIRMA
245 _aResearch Anthology on Strategies for Achieving Agricultural Sustainability /
_cby Information Resources Management Association; Volume - l
260 _a.- USA
_b: IGI Global
_c, 2022
300 _axxii,453p.
365 _e3 volume set- 131712.75
650 _aSocial Sciences
650 _aEconomics
650 _aAgricultural Innovations
650 _aSustainable Agriculture
650 _aSustainable Development
942 _2ddc
_cBK
999 _c52443
_d52443